Harvard business review : Control Part III

Bibliographic Details
Corporate Author: Harvard College
Format: Book
Published: (S.1) : Harvard College , 1974
Subjects:

MARC

LEADER 00000cam a2200000 7i4500
001 0000000896
005 20050426.0
040 |a INS 
090 0 0 |a RHF5011   |b H33 1974 
245 1 0 |a Harvard business review :   |b Control Part III   |c (Harvard College) 
260 |a (S.1) :   |b Harvard College ,   |c 1974 
300 |a 184p. ;   |c 28 cm. 
650 0 0 |a Industrial management 
710 2 |a Harvard College 
999 |a 0000001355   |b BOOK   |c Open Shelf   |e Default branch